A field guide to American architecture /

Bibliographic Details
Main Author: Rifkind, Carole
Format: Book
Language:English
Published: New York : New American Library, 1980.
Series:A Plume book
Subjects:

MARC

Tag First Indicator Second Indicator Subfields
LEADER 00000cam a2200000 a 4500
001 in00000665362
005 20151015080302.0
008 791226s1980 nyua b 00110 engm
010 |a  79029651  
020 |a 0452252245 (pbk.) :  |c $9.95 
035 |a (OCoLC)05889305 
035 |9 ACX6164AM 
040 |a DLC  |c DLC  |d TXA  |d UtOrBLW 
043 |a n-us--- 
049 |a TXAM  |c 1 [1192338], 2 [1497940] 
050 1 0 |a NA705  |b .R53 1980b 
082 0 |a 720/.973  |2 19 
100 1 |a Rifkind, Carole. 
245 1 2 |a A field guide to American architecture /  |c by Carole Rifkind. 
264 1 |a New York :  |b New American Library,  |c 1980. 
300 |a xi, 322 pages :  |b illustrations ;  |c 28 cm. 
336 |a text  |b txt  |2 rdacontent 
337 |a unmediated  |b n  |2 rdamedia 
338 |a volume  |b nc  |2 rdacarrier 
490 0 |a A Plume book 
500 |a Includes index. 
504 |a Bibliography: pages 313-317. 
650 0 |a Architecture  |z United States  |x Handbooks, manuals, etc. 
650 0 |a Decoration and ornament, Architectural  |z United States  |x Handbooks, manuals, etc. 
999 |a MARS 
999 f f |s 45999445-9551-31a6-9820-8b92811e7f24  |i 960af705-ab68-346d-83f6-5654dcc3b821  |t 0 
952 f f |p normal  |a Texas A&M University  |b College Station  |c Sterling C. Evans Library  |d Evans: Library Stacks  |t 0  |e NA705 .R53 1980b  |h Library of Congress classification  |i unmediated -- volume  |m A14806167289 
952 f f |p normal  |a Texas A&M University  |b College Station  |c Sterling C. Evans Library  |d Evans: Library Stacks  |t 0  |e NA705 .R53 1980b  |h Library of Congress classification  |i unmediated -- volume  |m A14806167297 
952 f f |p storage  |a Texas A&M University  |b J.J. Pickle Campus  |c High Density Repository  |d Remote Storage  |t 0  |e NA705 .R53 1980b  |h Library of Congress classification  |i unmediated -- volume  |m A14803413398 
952 f f |p ric  |a Texas A&M University  |b Rellis Campus  |c Joint Library Facility  |d Remote Storage  |t 0  |e NA705 .R53 1980b  |h Library of Congress classification  |i unmediated -- volume  |m A14803413380 
998 f f |a NA705 .R53 1980b  |t 0  |l Evans: Library Stacks 
998 f f |a NA705 .R53 1980b  |t 0  |l Remote Storage 
998 f f |a NA705 .R53 1980b  |t 0  |l Remote Storage 
998 f f |a NA705 .R53 1980b  |t 0  |l Evans: Library Stacks